000 00267nam a2200097Ia 4500
001 745097
005 20250826164310.0
008 250824s9999 xx 000 0 und d
245 0 _aÇANAKKALEDE AÇAN VATAN ÇİÇEKLERİ
_cHASAN BAYRAKTAR
260 _bKAYALIPARK YAYINLARI
999 _c745097
_d745097